Herds and herders in the inca state /
Guardado en:
| Autor Principal: | |
|---|---|
| Formato: | Libro |
| Publicado: |
Washington :
,
1965separata de Man, Culture and Animals: The role of animals in human ecological ajustments. Publication nº78 of the American Association for the Advancement of Science, Washington, 1965. pages 185-216
|
| Materias: | |
| Etiquetas: |
Agregar Etiqueta
Sin Etiquetas, Sea el primero en etiquetar este registro!
|
| LEADER | 00634nam a22001455a 4500 | ||
|---|---|---|---|
| 001 | EHU.bham005136 | ||
| 003 | AR-BHAM | ||
| 005 | 20081015152656.0 | ||
| 008 | 130507s1965##################000#0#####d | ||
| 082 | 5 | 7 | |a 572.7 |
| 100 | 1 | |a Murra, John V. | |
| 245 | 1 | 0 | |a Herds and herders in the inca state / |c John V. Murra. |
| 260 | |a Washington : |b , |c 1965separata de Man, Culture and Animals: The role of animals in human ecological ajustments. Publication nº78 of the American Association for the Advancement of Science, Washington, |c 1965. pages 185-216 | ||
| 653 | |a Antropologia cultural | ||
| 859 | |a AR-BHAM |b BIB. HUMANIDADES - General |h 572.7 |i M96-2 |p 562.72 |t Ej.1 | ||
